| 000 | 00521nam a2200193Ia 4500 | ||
|---|---|---|---|
| 003 | OSt | ||
| 005 | 20240925115228.0 | ||
| 008 | 220927b |||||||| |||| 00| 0 eng d | ||
| 020 | _a0030131162 | ||
| 040 |
_aSDCL _cSDCL _beng |
||
| 041 |
_2eng _aeng |
||
| 082 | _aR L3 | ||
| 100 |
_aAyer, A. J. _9371148 |
||
| 245 | 0 | _aCentral questions of philosophy. | |
| 260 |
_aNew York: _bHolt, Rinehart and Winston, _c1973. |
||
| 300 | _ax,243p | ||
| 942 |
_hR L3 _cTEXL _2CC |
||
| 999 |
_c756181 _d756181 |
||